000 00515cam a2200205 a 4500
001 3277864
005 20180213040612.0
008 820513r19821981nyua 000 0 eng
010 _a 82008106
020 _a0688014291
040 _aDLC
_cDLC
_dDLC
041 _aeng
080 _a658 BLA
082 0 0 _a658 BLA
_219
100 1 _a52
101 _aMEN
245 1 4 _aThe one minute manager /
_cKenneth Blanchard, Spencer Johnson.
906 _a7
_bcbc
_corignew
_d1
_eocip
_f19
_gy-gencatlg
942 _2ddc
_cBK
999 _c42356
_d42356